[Event "AUT-ch Eisenbahner"]
[Site "Wels"]
[Date "2009.05.23"]
[Round "3.7"]
[White "Enzinger, Peter"]
[Black "Buergschwendtner, Friedrich"]
[Result "1/2-1/2"]
[WhiteElo "1857"]
[BlackElo "1617"]
[PlyCount "58"]
[EventDate "2009.05.21"]
[EventType "swiss"]
[EventRounds "3"]
[EventCountry "AUT"]
[SourceTitle "EXT 2024"]
[Source "ChessBase"]
[SourceDate "2023.10.10"]
[SourceVersion "1"]
[SourceVersionDate "2023.10.10"]
[SourceQuality "1"]

1. d4 g6 2. c4 Nf6 3. Nc3 Bg7 4. Nf3 0-0 5. e4 d6 6. h3 e5 7. dxe5 dxe5 8. Bg5 c6 9. b4 Qc7 10. Qc1 Be6 11. Be2 Na6 12. a3 Nh5 13. 0-0 Nf4 14. Rd1 h6 15. Bh4 g5 16. Bg3 Rad8 17. Qe3 Qb8 18. b5 Nc7 19. Bf1 cxb5 20. cxb5 f5 21. exf5 Bxf5 22. Bc4+ Nce6 23. Ne4 Kh8 24. Rac1 Nd4 25. Nfd2 Rd7 26. Re1 Rc8 27. a4 b6 28. Qa3 Bf8 29. Qb2 Kg7 1/2-1/2

[Event "AUT-ch Eisenbahner"]
[Site "Wels"]
[Date "2009.05.22"]
[Round "2.7"]
[White "Krammer, Wilhelm"]
[Black "Enzinger, Peter"]
[Result "0-1"]
[WhiteElo "1647"]
[BlackElo "1857"]
[PlyCount "78"]
[EventDate "2009.05.21"]
[EventType "swiss"]
[EventRounds "3"]
[EventCountry "AUT"]
[SourceTitle "EXT 2024"]
[Source "ChessBase"]
[SourceDate "2023.10.10"]
[SourceVersion "1"]
[SourceVersionDate "2023.10.10"]
[SourceQuality "1"]

1. e4 e6 2. d4 d5 3. exd5 Qxd5 4. Nf3 c5 5. Nc3 Qd8 6. Be3 cxd4 7. Nxd4 a6 8. Bd3 Bb4 9. Nde2 Nc6 10. a3 Be7 11. g3 Nf6 12. 0-0 Ne5 13. Be4 Nxe4 14. Qxd8+ Bxd8 15. Nxe4 0-0 16. f4 Nc6 17. Rad1 Be7 18. Rd3 b5 19. Rfd1 Na5 20. b4 Nc4 21. Bc1 e5 22. Kf2 Bg4 23. h4 h6 24. Rd5 exf4 25. Bxf4 Nxa3 26. c3 Nc4 27. Bd6 Nxd6 28. Nxd6 Rfd8 29. Nb7 Rxd5 30. Rxd5 Rc8 31. Rd3 Bf6 32. Nc5 a5 33. Ne4 Bd8 34. Nd6 Rb8 35. Nxb5 axb4 36. c4 Bb6+ 37. Ned4 Be6 38. Rb3 Bxc4 39. Rxb4 Bxd4+ 0-1

[Event "AUT-ch Eisenbahner"]
[Site "Wels"]
[Date "2009.05.21"]
[Round "1.7"]
[White "Reibenbacher, Manfred"]
[Black "Enzinger, Peter"]
[Result "1-0"]
[WhiteElo "1783"]
[BlackElo "1857"]
[PlyCount "77"]
[EventDate "2009.05.21"]
[EventType "swiss"]
[EventRounds "3"]
[EventCountry "AUT"]
[SourceTitle "EXT 2024"]
[Source "ChessBase"]
[SourceDate "2023.10.10"]
[SourceVersion "1"]
[SourceVersionDate "2023.10.10"]
[SourceQuality "1"]

1. e4 e5 2. Nf3 Nc6 3. Bb5 d6 4. h3 a6 5. Ba4 Bd7 6. c3 Qf6 7. 0-0 g5 8. Nh2 h5 9. Bxc6 Bxc6 10. f3 Qg6 11. d3 Nh6 12. Be3 f5 13. exf5 Nxf5 14. Bf2 Be7 15. Qe2 Ng7 16. Nd2 Ne6 17. Be3 Kd7 18. b4 b6 19. a4 Nf4 20. Bxf4 exf4 21. Ne4 Rhe8 22. Qd2 d5 23. Nf2 Bf6 24. Rfe1 Rxe1+ 25. Qxe1 Re8 26. Qd2 Re7 27. d4 Kd6 28. Qb2 Qe8 29. Nf1 Re2 30. Qb3 Bd7 31. Qd1 Bf5 32. Ne4+ dxe4 33. Qxe2 Qc6 34. Rc1 exf3 35. gxf3 Bxh3 36. Nd2 Kd7 37. Ne4 Bxd4+ 38. Kh2 g4 39. Qd3 1-0